000 00377nam a2200157Ia 4500
008 210716s2002 xx 000 0 und d
020 _a130911127
041 _aeng
082 _a004.694 CARJ
100 _aCarter, Jim.
245 _aDeveloping e-commerce systems.
250 _a1
260 _aNew Jersey
_bPrentice Hall
_c2002
300 _axx,507
650 _aE-Commerce
999 _c186355
_d186355